<?xml version="1.0" encoding="UTF-8"?>
<record
    xmlns:xsi="http://www.w3.org/2001/XMLSchema-instance"
    xsi:schemaLocation="http://www.loc.gov/MARC21/slim http://www.loc.gov/standards/marcxml/schema/MARC21slim.xsd"
    xmlns="http://www.loc.gov/MARC21/slim">

  <leader>00618nam a22001337a 4500</leader>
  <datafield tag="040" ind1=" " ind2=" ">
    <subfield code="c">RUA</subfield>
  </datafield>
  <datafield tag="082" ind1=" " ind2=" ">
    <subfield code="a">AGR HUN 2009 B039 Or.1</subfield>
  </datafield>
  <datafield tag="100" ind1=" " ind2=" ">
    <subfield code="a">HUN DARA</subfield>
  </datafield>
  <datafield tag="245" ind1=" " ind2=" ">
    <subfield code="a">control of flea btlean green must ard at royal university of agriculture(&#x1780;&#x17B6;&#x179A;&#x1782;&#x17D2;&#x179A;&#x1794;&#x17CB;&#x1782;&#x17D2;&#x179A;&#x1784;&#x179F;&#x178F;&#x17D2;&#x179C;&#x1791;&#x17C0;&#x1780;&#x1782;&#x17BC; &#x1793;&#x17C5;&#x179B;&#x17BE;&#x178A;&#x17C6;&#x17C6;&#x178E;&#x17B6;&#x17C6;&#x179F;&#x17D2;&#x1796;&#x17C3;&#x1781;&#x17C0;&#x179C;&#x200B;&#x1793;&#x17C5;&#x179F;&#x17B6;&#x1780;&#x179B;&#x179C;&#x17B7;&#x1791;&#x17D2;&#x1799;&#x17B6;&#x1797;&#x17BC;&#x1798;&#x17B7;&#x1793;&#x17D2;&#x1791;&#x1780;&#x179F;&#x17B7;&#x1780;&#x1798;&#x17D2;&#x1798;)</subfield>
  </datafield>
  <datafield tag="260" ind1=" " ind2=" ">
    <subfield code="a">Phnom Penh</subfield>
    <subfield code="b">RUA</subfield>
    <subfield code="c">2009</subfield>
  </datafield>
  <datafield tag="300" ind1=" " ind2=" ">
    <subfield code="a">xii, 52p.</subfield>
    <subfield code="b">ill.</subfield>
    <subfield code="c">29cm.</subfield>
  </datafield>
  <datafield tag="856" ind1=" " ind2=" ">
    <subfield code="u">https://drive.google.com/file/d/1lDGtDT20P9cjxSLg2jGfcKX6Var8Dw_0/view?usp=sharing</subfield>
  </datafield>
  <datafield tag="942" ind1=" " ind2=" ">
    <subfield code="c">AGR</subfield>
  </datafield>
  <datafield tag="999" ind1=" " ind2=" ">
    <subfield code="c">887</subfield>
    <subfield code="d">887</subfield>
  </datafield>
  <datafield tag="952" ind1=" " ind2=" ">
    <subfield code="0">0</subfield>
    <subfield code="1">0</subfield>
    <subfield code="2">ddc</subfield>
    <subfield code="4">0</subfield>
    <subfield code="6">AGR_HUN_2009_000000000000000_B039_OR_1</subfield>
    <subfield code="7">0</subfield>
    <subfield code="9">3573</subfield>
    <subfield code="a">LBB</subfield>
    <subfield code="b">LBB</subfield>
    <subfield code="c">B039</subfield>
    <subfield code="d">2015-09-20</subfield>
    <subfield code="l">6</subfield>
    <subfield code="m">3</subfield>
    <subfield code="o">AGR HUN 2009 B039 Or.1</subfield>
    <subfield code="p">RUA000183</subfield>
    <subfield code="r">2024-10-25</subfield>
    <subfield code="s">2024-10-24</subfield>
    <subfield code="w">2015-09-20</subfield>
    <subfield code="y">AGR</subfield>
  </datafield>
  <datafield tag="952" ind1=" " ind2=" ">
    <subfield code="0">0</subfield>
    <subfield code="1">0</subfield>
    <subfield code="2">ddc</subfield>
    <subfield code="4">0</subfield>
    <subfield code="6">AGR_HUN_2009_000000000000000_B039_OR_2</subfield>
    <subfield code="7">0</subfield>
    <subfield code="9">3574</subfield>
    <subfield code="a">LBB</subfield>
    <subfield code="b">LBB</subfield>
    <subfield code="c">B039</subfield>
    <subfield code="d">2015-09-20</subfield>
    <subfield code="l">3</subfield>
    <subfield code="m">1</subfield>
    <subfield code="o">AGR HUN 2009 B039 Or.2</subfield>
    <subfield code="p">RUA000069</subfield>
    <subfield code="r">2016-05-18</subfield>
    <subfield code="s">2016-05-02</subfield>
    <subfield code="w">2015-09-20</subfield>
    <subfield code="y">AGR</subfield>
  </datafield>
  <datafield tag="952" ind1=" " ind2=" ">
    <subfield code="0">0</subfield>
    <subfield code="1">0</subfield>
    <subfield code="2">ddc</subfield>
    <subfield code="4">0</subfield>
    <subfield code="6">AGR_HUN_2009_000000000000000_B039_OR_3</subfield>
    <subfield code="7">0</subfield>
    <subfield code="9">3575</subfield>
    <subfield code="a">LBB</subfield>
    <subfield code="b">LBB</subfield>
    <subfield code="c">B039</subfield>
    <subfield code="d">2015-09-20</subfield>
    <subfield code="l">2</subfield>
    <subfield code="m">1</subfield>
    <subfield code="o">AGR HUN 2009 B039 Or.3</subfield>
    <subfield code="p">RUA000123</subfield>
    <subfield code="r">2016-12-27</subfield>
    <subfield code="s">2016-12-13</subfield>
    <subfield code="w">2015-09-20</subfield>
    <subfield code="y">AGR</subfield>
  </datafield>
  <datafield tag="952" ind1=" " ind2=" ">
    <subfield code="0">0</subfield>
    <subfield code="1">0</subfield>
    <subfield code="2">ddc</subfield>
    <subfield code="4">0</subfield>
    <subfield code="6">AGR_HUN_2009_000000000000000_B039_OR_4</subfield>
    <subfield code="7">0</subfield>
    <subfield code="9">3577</subfield>
    <subfield code="a">LBB</subfield>
    <subfield code="b">LBB</subfield>
    <subfield code="c">B039</subfield>
    <subfield code="d">2015-09-20</subfield>
    <subfield code="l">2</subfield>
    <subfield code="o">AGR HUN 2009 B039 Or.4</subfield>
    <subfield code="p">RUA000040</subfield>
    <subfield code="r">2016-07-05</subfield>
    <subfield code="s">2016-06-21</subfield>
    <subfield code="w">2015-09-20</subfield>
    <subfield code="y">AGR</subfield>
  </datafield>
  <datafield tag="952" ind1=" " ind2=" ">
    <subfield code="0">0</subfield>
    <subfield code="1">0</subfield>
    <subfield code="2">ddc</subfield>
    <subfield code="4">0</subfield>
    <subfield code="6">AGR_HUN_2009_000000000000000_B039_OR_5</subfield>
    <subfield code="7">0</subfield>
    <subfield code="9">4953</subfield>
    <subfield code="a">LBB</subfield>
    <subfield code="b">LBB</subfield>
    <subfield code="c">B039</subfield>
    <subfield code="d">2015-09-24</subfield>
    <subfield code="l">2</subfield>
    <subfield code="o">AGR HUN 2009 B039 Or.5</subfield>
    <subfield code="p">RUA008339</subfield>
    <subfield code="r">2017-12-18</subfield>
    <subfield code="s">2016-12-27</subfield>
    <subfield code="w">2015-09-24</subfield>
    <subfield code="y">AGR</subfield>
  </datafield>
  <datafield tag="952" ind1=" " ind2=" ">
    <subfield code="0">0</subfield>
    <subfield code="1">0</subfield>
    <subfield code="2">ddc</subfield>
    <subfield code="4">0</subfield>
    <subfield code="6">AGR_HUN_2009_000000000000000_B039_OR_6</subfield>
    <subfield code="7">0</subfield>
    <subfield code="9">4954</subfield>
    <subfield code="a">LBB</subfield>
    <subfield code="b">LBB</subfield>
    <subfield code="c">B039</subfield>
    <subfield code="d">2015-09-24</subfield>
    <subfield code="l">5</subfield>
    <subfield code="o">AGR HUN 2009 B039 Or.6</subfield>
    <subfield code="p">RUA008195</subfield>
    <subfield code="r">2020-03-10</subfield>
    <subfield code="s">2020-03-02</subfield>
    <subfield code="w">2015-09-24</subfield>
    <subfield code="y">AGR</subfield>
  </datafield>
  <datafield tag="952" ind1=" " ind2=" ">
    <subfield code="0">0</subfield>
    <subfield code="1">0</subfield>
    <subfield code="2">ddc</subfield>
    <subfield code="4">0</subfield>
    <subfield code="6">AGR_HUN_2009_000000000000000_B039_OR_7</subfield>
    <subfield code="7">0</subfield>
    <subfield code="9">40850</subfield>
    <subfield code="a">LBB</subfield>
    <subfield code="b">LBB</subfield>
    <subfield code="d">2016-02-24</subfield>
    <subfield code="l">1</subfield>
    <subfield code="o">AGR HUN 2009 B039 Or.7</subfield>
    <subfield code="p">RUA052278</subfield>
    <subfield code="r">2016-06-21</subfield>
    <subfield code="s">2016-06-14</subfield>
    <subfield code="w">2016-02-24</subfield>
    <subfield code="y">AGR</subfield>
  </datafield>
</record>
